Statistiques concernant Les Chapitres de Harry Potter 4

Cliquez ici pour prendre le quiz!

Statistiques générales

  • Ce quiz a été pris 828 fois
  • Le résultat moyen est 22 sur 37

Statistiques - réponses

ChapitreRéponse% Correct
20La première tâche
86%
16La Coupe de Feu
85%
26La deuxième tâche
85%
8La Coupe du monde de Quidditch
84%
31La troisième tâche
83%
23Le bal de Noël
76%
1La maison des "Jeux du sort"
74%
13Maugrey Fol Oeil
74%
12Le tournoi des trois sorciers
71%
9La marque des ténèbres
69%
6Le portoloin
69%
15Beauxbâtons et Durmstrang
66%
33Les mangemorts
65%
14Les sortilèges impardonnables
60%
30La pensine
58%
19Le Magyar à pointes
58%
18L'examen des baguettes
58%
34Priori Incantatum
58%
2La cicatrice
57%
4Retour au Terrier
56%
7Verpey et Croupton
55%
37Le commencement
52%
35Veritaserum
52%
36La croisée des chemins
50%
28La folie de Mr Croupton
50%
22La tâche inattendue
50%
32Les os, la chair, le sang
50%
17Les quatre champions
50%
5Farces pour sorciers facétieux
49%
3L'invitation
48%
25L'oeuf et l'oeil
48%
11A bord du Poudlard Express
47%
27Le retour de Patmol
46%
24Le scoop de Rita Skeeter
46%
29Le rêve
45%
10Tempête au ministère
45%
21Le Front de libération des elfes de maison
42%

Distribution des résultats

Percentile par nombre de réponses

% des personnes avec chaque résultat

Votre développement - résultats

Vous n’avez pas pris ce quiz